000 00508nam a2200133 a 4500
008 120416s1995 ||||||||||||||||| || u
050 _aIMF(02)
245 1 0 _aGeneral conditions applicable to loan and guarantee agreements
246 _afor single currency loans
260 _aWashington, D. C.
_bWorld Bank
_c1995
300 _a[viii], 29p.
350 _a0.00
995 _D0.00
_FCBU-MAIN LIBRARY (Kitwe)
_H1
_I0.00
_M1
_UAVAILABLE
_ZAnnex Low-Usage Collection
999 _c44392
_d44392